Statystyki dla Najlepsi strzelcy mundialów

Kliknij tutaj aby rozwiązać quiz!

Ogólne statystyki

  • Ten quiz został rozwiązany 63 razy
  • Średni wynik to 5 z 14

Statystyki odpowiedzi

GolePiłkarz% Poprawnych
15Ronaldo
90%
13Lionel Messi
67%
16Miroslav Klose
67%
12Pele
64%
12Kylian Mbappe
48%
14Gerd Mueller
43%
10Grzegorz Lato
38%
10Thomas Mueller
29%
13Just Fontaine
26%
11Juergen Klinsmann
12%
11Sandor Kocsis
9%
10Gary Lineker
7%
10Helmut Rahn
3%
10Teofilo Cubillas
2%

Rozkład punktacji

Percentyl według liczby udzielonych odpowiedzi

Procent ludzi z każdym wynikiem

Twoja historia wyników

Nie rozwiązałeś tego quizu